[Event "18th Aeroflot Open-A 2020"]
[Site "Moscow"]
[Date "2020.02.26"]
[Round "8.12"]
[White "Vaibhav, Suri"]
[Black "Sargissian, Gabriel"]
[Result "1/2-1/2"]
[WhiteElo "2591"]
[BlackElo "2689"]
[Annotator "TA"]
[PlyCount "27"]
[EventDate "2020.02.19"]
[EventType "swiss"]
[EventCountry "RUS"]
[SourceTitle "playchess.com"]
[Source "ChessBase"]
[SourceQuality "1"]

{[%evp 12,27,20,11,27,29,34,28,34,19,25,17,7,-1,29,27,20,27]} 1. e4 e5 2. Nf3 Nc6 3. Bb5 Nf6 4. O-O Nxe4 5. Re1 Nd6 6. Nxe5 Be7 7. Bf1 Nf5 {C67: Ruy Lopez: Berlin Defence: 4 0-0 Nxe4.} 8. Nf3 d5 9. d4 O-O {White has an edge.} 10. Nc3 Bb4 11. h3 Nce7 {[#]} 12. a3 $146 ({Predecessor:} 12. Bd3 c6 13. a3 Ba5 14. Bd2 Ng6 15. Ne2 Bc7 16. Qc1 Re8 17. c4 dxc4 18. Bxc4 {0-1 (73) Wei,Y (2737)-Rapport,R (2735) China 2019}) 12... Ba5 (12... Bxc3 $5 13. bxc3 Nd6 $14) 13. b4 Bb6 14. Na4 {Accuracy: White = 100%, Black = 86%.} 1/2-1/2

[Event "18th Aeroflot Open-A 2020"]
[Site "Moscow"]
[Date "2020.02.26"]
[Round "8.13"]
[White "Sychev, Klementy"]
[Black "Kovalev, Vladislav"]
[Result "1/2-1/2"]
[WhiteElo "2563"]
[BlackElo "2650"]
[Annotator "TA"]
[PlyCount "156"]
[EventDate "2020.02.19"]
[EventType "swiss"]
[EventCountry "RUS"]
[SourceTitle "playchess.com"]
[Source "ChessBase"]
[SourceQuality "1"]

{[%evp 14,156,31,31,37,44,31,30,27,14,43,29,30,26,31,37,33,34,35,32,41,40,33,31,38,35,37,38,60,31,42,42,59,53,61,60,50,33,48,27,18,12,54,4,26,19,50,7,24,18,36,22,32,0,35,6,41,34,59,57,83,70,102,83,76,89,112,119,89,74,114,103,141,112,139,133,136,128,117,76,60,60,115,109,95,97,135,80,85,88,77,74,79,71,129,109,109,99,109,109,109,109,109,109,106,79,102,0,104,20,28,20,20,20,27,20,20,21,39,37,31,12,12,9,12,0,0,0,46,45,41,38,30,44,45,0,0,0,0,0,0,0,0,0,0]} 1. d4 Nf6 2. c4 e6 3. Nf3 d5 4. g3 Be7 5. Bg2 O-O 6. O-O dxc4 7. Ne5 c5 8. dxc5 Qc7 $1 {The main line 8...Qc7 scores better than 8...Bxc5. E05: Open Catalan: 5 Nf3 Be7.} 9. Nxc4 Rd8 10. Qb3 Nc6 {White has an edge.} 11. Be3 {Strongly threatening Nc3.} Nd4 12. Bxd4 $1 Rxd4 13. Nbd2 {[%cal Bb1d2,Bd2b3,Bb3a5][%mdl 32]} Bxc5 14. Rac1 Rd8 {[#]} 15. Qf3 $146 ({Predecessor:} 15. Ne4 Nxe4 16. Bxe4 g6 17. Rc2 Bf8 18. f4 Qc5+ 19. e3 Rb8 20. Rfc1 Bd7 21. Ne5 {1-0 (32) Enchev,I (2482)-Drnovsek,G (2388) Zagreb 2019}) 15... Rb8 16. Nb3 Bf8 17. Qe3 Ra8 18. Qe5 Qxe5 19. Nxe5 Rb8 20. Rfd1 Be7 21. Na5 Kf8 22. a3 Ke8 23. b4 Nd5 24. Rd3 Nb6 25. Kf1 f6 26. Rxd8+ Bxd8 27. Nd3 Nd7 28. Bf3 Ke7 29. h4 Bb6 30. Rc2 Bd8 31. Ke1 Bb6 32. g4 h6 33. h5 Kd8 (33... Bxa5 $5 34. bxa5 Kd8 $11) 34. Nb3 Ke7 35. Be4 Kd8 36. a4 a6 37. e3 $36 {[%mdl 2048] Black is under pressure.} Bc7 38. Nd4 Nf8 39. Nc5 Bd6 40. a5 Ke8 41. b5 axb5 42. Nxb5 Be7 43. Ke2 f5 44. gxf5 exf5 45. Bd5 Kd8 46. f4 Bxc5 47. Rxc5 Nd7 (47... Bd7 $14) 48. Rc1 $16 Nf6 49. Bf3 Ne4 50. Nd4 ({White should try} 50. Bxe4 fxe4 51. Rg1) 50... Ra8 51. Bxe4 fxe4 {[%mdl 4096] Endgame KRB-KRN} 52. Rc5 Ke7 53. Kf2 Kf6 ({Better is} 53... Bd7) 54. Kg3 Bd7 55. Rd5 Be8 56. Rf5+ Ke7 57. Re5+ Kf6 58. Nb3 Bc6 59. Nc5 Kf7 60. Nb3 Kf6 $1 61. Rc5 (61. Kg4 $16) 61... Rd8 $1 $11 {[#]} 62. a6 $1 {[%mdl 512] And now Na5 would win.} Ra8 $1 (62... bxa6 63. Rxc6+) 63. axb7 Bxb7 64. Na5 Ba6 65. Rc6+ Kf7 66. Nc4 Kg8 67. Rc7 Rd8 68. Ne5 Be2 69. Nc6 Rd1 70. Ne7+ Kh8 71. Ng6+ Kh7 72. Nf8+ Kh8 $1 73. f5 Bxh5 74. Rc8 {[#] Intending Ng6+! and mate.} g5 {The position is equal.} 75. fxg6 {White wants to mate with Ne6+.} Kg7 76. Ne6+ Kf6 77. g7 {Hoping for Nf4.} Bf7 78. Rc6 Bxe6 {Accuracy: White = 82%, Black = 79%.} 1/2-1/2

[Event "18th Aeroflot Open-A 2020"]
[Site "Moscow"]
[Date "2020.02.26"]
[Round "8.14"]
[White "Sethuraman, S.P."]
[Black "Savchenko, Boris"]
[Result "1-0"]
[WhiteElo "2641"]
[BlackElo "2573"]
[Annotator "TA"]
[PlyCount "71"]
[EventDate "2020.02.19"]
[EventType "swiss"]
[EventCountry "RUS"]
[SourceTitle "playchess.com"]
[Source "ChessBase"]
[SourceQuality "1"]

{[%evp 15,71,8,37,32,53,39,49,53,52,46,52,50,58,38,64,41,52,24,35,32,17,16,17,7,185,165,277,270,289,276,530,531,563,580,574,574,534,202,562,572,894,886,808,534,1472,1386,29992,29993,29993,29994,29994,2114,29992,29993,29993,29994,29995,29996]} 1. e4 e6 2. d4 d5 3. Nc3 Bb4 4. e5 c5 5. a3 Bxc3+ 6. bxc3 Qa5 7. Bd2 Qa4 8. Qg4 g6 9. Nf3 {C18: French: 3 Nc3 Bb4: Main line: 7 h4 and 7 Qg4.} Nc6 10. Be2 c4 11. Ra2 {White is slightly better.} Bd7 12. Qh4 h6 13. O-O b6 {13...Rh7 gains popularity.} 14. Bg5 Nce7 15. Rb1 Qa5 {[#]} 16. a4 $146 ({Predecessor:} 16. Bf6 Nxf6 17. exf6 Nc6 18. Rb4 Nxb4 19. cxb4 Qa6 20. Ne5 b5 21. Bd1 Qb6 22. c3 {1-0 (37) Jandek,S (2327)-Jovanovic,B (2079) LSS email 2014}) 16... Nf5 17. Qh3 Bxa4 18. Nd2 {next Nb3 is good for White.} Kf8 19. Bf4 g5 $2 {[#] Black cannot hold the game after this.} (19... Rc8 $1 $11 {and Black has nothing to worry.}) 20. Bxg5 $1 $18 {[%mdl 512]} hxg5 (20... Nxd4 $142 21. cxd4 hxg5 22. Qxh8 Qxd2) 21. Qxh8 Qxc3 22. Nf3 (22. Rxa4 Qxc2 23. Rba1 Qxd2 $11) 22... g4 $2 (22... Bxc2 23. Rc1 Nxd4 24. Nxd4 Qxd4) 23. Ng5 ({Stronger than} 23. Rxa4 Qxc2 24. Rba1 gxf3 $11) 23... Nxd4 24. Bxg4 (24. Rxa4 Nxe2+ 25. Kf1 (25. Kh1 Qxc2 26. Rba1 Qg6 $11) 25... Qxc2 $16) 24... Bxc2 25. Rba1 a5 26. h4 $2 $40 {[%mdl 128] White is out for blood.} (26. Bh5 Nb3 27. Rf1) 26... Bb3 $2 (26... Nc6 {is more resistant.} 27. Bxe6 (27. Nxe6+ Ke7 $16) 27... Qxe5 28. Qxe5 Nxe5) 27. Ra3 Qd2 28. Bh5 Ke7 29. Bxf7 {And now Qg7 would win.} Qf4 30. Qh7 {Intending Bxe6+ and mate.} Kd7 31. Bxe6+ {[%mdl 64] Double Attack} Kc6 32. Qd7+ {[%mdl 64] Double Attack} Kc5 33. Qxd5+ Kb4 34. Ra4+ {White mates.} Kc3 35. Ne4+ Kd3 {[#]} 36. Rd1+ $1 {[%mdl 576] Decoy. Accuracy: White = 76%, Black = 49%.} 1-0

[Event "18th Aeroflot Open-A 2020"]
[Site "Moscow"]
[Date "2020.02.26"]
[Round "8.15"]
[White "Bharath Subramaniyam H"]
[Black "Riazantsev, Alexander"]
[Result "1/2-1/2"]
[WhiteElo "2402"]
[BlackElo "2639"]
[Annotator "TA"]
[PlyCount "96"]
[EventDate "2020.02.19"]
[EventType "swiss"]
[EventCountry "RUS"]
[SourceTitle "playchess.com"]
[Source "ChessBase"]
[SourceQuality "1"]

{[%evp 16,96,0,0,2,-26,-20,-29,-37,-57,-60,-56,-50,-112,-45,-67,-68,-79,-93,-70,-63,-91,-91,-85,-87,-89,-88,-75,-78,-109,-104,-156,-95,-168,-72,-102,-70,-68,-68,-53,-54,-53,-60,-55,-39,-56,-54,-55,-52,-58,0,-40,-40,-40,-40,-40,-45,-49,-34,-49,-18,-18,0,0,0,0,0,0,0,0,0,0,0,0,0,0,0,0,0,0,0,0,0]} 1. Nf3 d5 2. g3 Nd7 3. Bg2 e5 4. d3 Ngf6 5. O-O c6 6. e4 dxe4 7. dxe4 Bc5 8. Qe2 O-O 9. Nbd2 Re8 {A00: Irregular Openings.} 10. b3 a5 11. Bb2 b5 {Black has an edge.} 12. a4 Ba6 13. axb5 cxb5 {[#]} 14. h3 $146 (14. c3 $15) ({Predecessor:} 14. Ne1 Qb6 15. Kh1 b4 16. Nd3 Bd4 17. Bxd4 Qxd4 18. f4 Qc3 19. Nf3 exf4 20. gxf4 Rxe4 {1-0 (40) Keskinen,S (2239)-Frenklakh,V (2275) Helsinki 2001}) 14... Qb6 (14... b4 $17 15. Nc4 {[%mdl 64] Double Attack} Rc8) 15. Rfd1 {[#]} a4 $1 {[%mdl 512]} 16. Qe1 (16. bxa4 bxa4) 16... Bb7 17. bxa4 bxa4 {...a3 is the strong threat.} 18. Nc4 Qc7 19. Nfd2 Nb6 {[%cal Bd7b6,Bb6c8,Bc8d6,Bd6b5][%mdl 32] aiming for ...Nxc4.} 20. Na3 Ba6 21. Nf1 Nc8 22. Ne3 Nd6 23. Bc3 {[#]} (23. f3 $142) 23... Bb7 ({Stronger than} 23... Ndxe4 24. Bxe4 Nxe4 25. Nd5 $11) (23... Nfxe4 24. Nd5 $14) ({Black should try} 23... Rab8 $1 24. Nd5 Nxd5 25. Rxd5 Bb7) 24. Nd5 (24. Bb4 $17 {was necessary.}) 24... Nxd5 (24... Bxd5 $19 {is more deadly.} 25. exd5 e4) 25. exd5 $17 Bxa3 26. Rxa3 Nb5 {Hoping for ...Qc8.} 27. d6 $1 {[%cal Rd6c7]} Nxd6 {And now ...Bxg2 would win.} 28. Bxb7 Nxb7 29. Qe4 Nd6 30. Bxe5 Nxe4 31. Bxc7 Rec8 32. Rd4 f5 ({Don't play} 32... Rxc7 $6 33. Raxa4 Rf8 34. Rxe4 $14) (32... Nxf2 $1 $15 33. h4 Nh3+ 34. Kh2 Rxc7) 33. f3 Ng5 34. Bf4 Nxh3+ 35. Kg2 Nxf4+ 36. Rxf4 Rxc2+ $15 {[%mdl 4096] Endgame KRR-KRR} 37. Kh3 Rf2 38. Rxf5 {The position is equal.} Ra6 39. Rf4 Rh6+ 40. Rh4 Rf6 41. Rf4 Rh6+ 42. Rh4 Rf6 43. Rf4 Rh6+ 44. Rh4 Rf6 45. Rf4 Rxf4 46. gxf4 Kf7 47. Kg3 Re2 48. Rxa4 Kf6 {Accuracy: White = 76%, Black = 76%.} 1/2-1/2

[Event "18th Aeroflot Open-A 2020"]
[Site "Moscow"]
[Date "2020.02.26"]
[Round "8.16"]
[White "Durarbayli, Vasif"]
[Black "Erigaisi Arjun"]
[Result "1/2-1/2"]
[WhiteElo "2625"]
[BlackElo "2563"]
[Annotator "TA"]
[PlyCount "179"]
[EventDate "2020.02.19"]
[EventType "swiss"]
[EventCountry "RUS"]
[SourceTitle "playchess.com"]
[Source "ChessBase"]
[SourceQuality "1"]

{[%evp 13,179,9,30,-8,-9,-9,20,32,21,14,13,10,10,0,38,52,54,40,13,17,60,47,59,55,53,60,161,141,191,185,198,198,188,195,178,187,180,184,184,191,185,31,38,35,38,38,45,38,43,20,21,0,45,0,32,0,0,0,0,0,0,0,0,0,0,0,0,0,0,0,0,0,0,0,0,0,0,0,0,0,0,0,0,0,0,0,0,0,0,0,0,0,0,0,0,0,0,0,0,0,0,0,0,0,0,0,0,0,0,0,0,0,0,0,0,0,0,0,0,0,0,0,0,0,0,0,0,0,0,0,0,0,0,0,0,0,0,0,0,0,0,0,0,0,0,0,0,0,0,0,0,0,0,-3,-3,-3,-3,-3,-3,-3,-3,-3,-3,-3,0,0,0,-8]} 1. e4 c5 2. Nf3 d6 3. d4 cxd4 4. Nxd4 Nf6 5. Nc3 a6 6. g3 e5 7. Nb3 Be6 8. Bg5 {B91: Sicilian Najdorf: 6 g3.} Nbd7 {[#]} 9. f4 $146 ({Predecessor:} 9. Bg2 Be7 10. a4 O-O 11. O-O Qc7 12. h3 Rac8 13. Kh2 Nb6 14. a5 Nc4 15. Bc1 {0-1 (46) Yap,K (2361)-Salubre,J (2282) Bacolod 2017}) 9... exf4 (9... h6 $5 {[%cal Rh6g5]} 10. Bh4 Qc7 $11) 10. gxf4 h6 11. Bxf6 Qxf6 12. Qf3 h5 13. Qg3 Rc8 14. O-O-O g6 15. Be2 h4 16. Qe3 Bh6 17. Rhf1 g5 {[%cal Rg5f4]} 18. Nd5 Bxd5 $1 19. exd5+ Kf8 ({Better is} 19... Qe7 $14 20. Qxe7+ Kxe7) 20. Qh3 $1 $18 {[%cal Rh3d7]} Rc7 {[#]} 21. fxg5 $1 Qxg5+ 22. Kb1 Bg7 {[#]} 23. Rxf7+ $1 {[%mdl 576] Remove Defender, Decoy} Kxf7 24. Qe6+ {[%mdl 64] Double Attack} Kf8 25. Qxd6+ {[%mdl 64] Double Attack} Qe7 26. Qxc7 Qxe2 {[#]} 27. Qd8+ $2 (27. Rg1 $1 $18 Qe5 28. Qd8+ Qe8 29. Qxe8+ {[%mdl 64] Overworked Piece} Kxe8 30. Rxg7) 27... Qe8 $14 28. Rf1+ Nf6 29. Rxf6+ Bxf6 30. Qxf6+ {[%mdl 4160] Endgame Double Attack. KQR-KQN} Kg8 31. Qg5+ Kf8 32. Qf6+ Kg8 33. Qg5+ Kf8 34. a3 Rh5 {The position is equal.} 35. Qf4+ Qf7 36. Qb4+ Kg8 37. Qg4+ Kf8 38. Qb4+ Kg8 39. Qg4+ Kf8 40. Qc8+ Kg7 41. d6 Rd5 42. Qc7 b5 43. Ka2 Kg6 44. Qd8 h3 45. Qc8 Rxd6 46. Qxh3 {Black must now prevent Qg3+.} Kg7 47. Qg3+ Rg6 48. Qe5+ Kh7 49. Qe4 Kg7 50. a4 bxa4 51. Qxa4 Rh6 52. Qd4+ Qf6 53. Qa7+ Qf7 54. Qc5 Kh7 55. Qe5 Qc4 56. Qe7+ Kg8 57. Qe8+ Kh7 58. Qd7+ Kg8 59. Qd8+ Kh7 60. Qe7+ Kg8 61. Qg5+ Kh7 62. Qf5+ Kg8 63. h3 Qf7 64. Qc8+ Qf8 65. Qg4+ Qg7 66. Qf4 Qf6 67. Qg4+ Qg7 68. Qe4 Qg6 69. Qa8+ Kg7 70. Qc8 Qe6 71. Qc7+ Kg6 72. Qg3+ Kh7 73. Qd3+ Kg7 74. Qc3+ Kh7 75. Qd3+ Kg7 76. Qg3+ Kh7 77. Qc7+ Kg6 78. Qg3+ Kh7 79. Qd3+ Kg7 80. Qd4+ Qf6 81. Qd7+ Qf7 82. Qg4+ (82. Qd4+ {seems wilder.} Qf6) 82... Qg6 83. Ka3 (83. Qc4 {keeps more tension.} Qe6 84. Qc5 Rxh3 85. c4 Kh6 86. Qd4) 83... Qxg4 84. hxg4 $11 {KR-KN} Kf6 85. Kb4 Ke5 86. Nc5 Rb6+ 87. Kc4 {Hoping for Nd7+.} Rg6 88. Kb4 Rb6+ 89. Kc4 {aiming for Nd7+.} Rg6 90. Kb4 {Black escapes into a draw. Accuracy: White = 94%, Black = 92%.} 1/2-1/2

[Event "18th Aeroflot Open-A 2020"]
[Site "Moscow"]
[Date "2020.02.26"]
[Round "8.17"]
[White "Aryan Chopra"]
[Black "Zvjaginsev, Vadim"]
[Result "1/2-1/2"]
[WhiteElo "2562"]
[BlackElo "2623"]
[Annotator "TA"]
[PlyCount "80"]
[EventDate "2020.02.19"]
[EventType "swiss"]
[EventCountry "RUS"]
[SourceTitle "playchess.com"]
[Source "ChessBase"]
[SourceQuality "1"]

{[%evp 15,80,0,0,0,0,-4,0,1,6,0,3,-10,-9,-15,-12,-16,-7,-18,0,-11,-7,-22,-17,-39,-24,-25,-26,-33,-36,-64,-58,-61,-37,-108,-76,-106,-70,-72,-76,-85,-28,-27,-25,-29,-26,-31,-14,-31,-31,-20,0,-7,0,0,0,0,0,0,0,0,0,0,0,0,0,0,0]} 1. e4 e5 2. Nf3 Nc6 3. Bb5 Nf6 4. d3 d6 5. O-O a6 6. Ba4 b5 7. Bb3 Na5 8. Nc3 Be7 9. Bd2 {has lost popularity (9.h3). C84: Closed Ruy Lopez: Unusual White 6th moves.} c6 10. Ne2 Nxb3 11. axb3 Bg4 12. Ng3 {[#]} Nh5 $146 ({Predecessor:} 12... h5 13. h3 h4 14. Nf5 Bxf5 15. exf5 Qd7 16. Qe2 Qxf5 17. Rfe1 Rh5 18. b4 Kf8 {1-0 (31) Bichik,A (1868)-Herzog,K (1911) LSS email 2012}) 13. Nf5 Bxf5 14. exf5 Nf6 15. Ng5 O-O 16. Re1 Re8 17. Qf3 h6 18. Ne4 d5 19. Nxf6+ Bxf6 20. Qg3 Qd7 21. Bxh6 Qxf5 22. Bd2 e4 23. Bc3 d4 24. Bd2 (24. Ba5 $15) 24... Qc5 (24... e3 {keeps more tension.} 25. fxe3 dxe3 26. Bc3 Bxc3 27. bxc3 Qc5) 25. c3 dxc3 (25... b4 {is interesting.} 26. dxe4 bxc3 27. bxc3 dxc3 28. Bf4 Bd4) 26. Bxc3 Bxc3 27. bxc3 Qxc3 ({Black should try} 27... e3 $17 {aiming for ...exf2+.} 28. c4 Qd4 29. fxe3 Qxd3 30. cxb5 cxb5) 28. dxe4 $11 Qxg3 29. hxg3 $17 {[%mdl 4096] Endgame KRR-KRR} a5 30. Kf1 c5 31. Rec1 Rec8 32. Ke2 f6 {The position is equal.} 33. b4 cxb4 34. Rxc8+ Rxc8 35. Rxa5 $11 {KR-KR} Rc5 36. Kd3 b3 {[#] ( -> ...b2)} 37. Ra3 Rc2 38. Rxb3 Rxf2 39. Ke3 Rxg2 40. Kf3 Ra2 {Accuracy: White = 86%, Black = 88%.} 1/2-1/2

[Event "18th Aeroflot Open-A 2020"]
[Site "Moscow"]
[Date "2020.02.26"]
[Round "8.18"]
[White "Smirin, Ilia"]
[Black "Grigoriants, Sergey"]
[Result "1-0"]
[WhiteElo "2615"]
[BlackElo "2539"]
[Annotator "TA"]
[PlyCount "143"]
[EventDate "2020.02.19"]
[EventType "swiss"]
[EventCountry "RUS"]
[SourceTitle "playchess.com"]
[Source "ChessBase"]
[SourceQuality "1"]

{[%evp 17,143,49,42,28,5,12,4,8,17,7,6,0,27,0,9,17,30,-7,0,0,0,0,0,0,0,0,0,0,0,0,0,0,25,13,37,29,26,21,46,46,36,55,58,43,52,16,86,51,92,86,84,79,100,90,90,60,81,66,75,41,46,-52,74,0,0,0,0,0,24,0,980,0,0,0,160,146,240,240,237,226,228,235,230,217,189,42,62,45,87,0,44,0,294,294,291,230,222,116,366,366,343,350,351,350,334,306,263,226,220,0,406,395,524,504,817,772,770,772,733,680,6179,5691,6354,6079,5591,5189,4710,4133]} 1. e4 e5 2. Nf3 Nc6 3. Bb5 a6 4. Ba4 Nf6 5. O-O b5 6. Bb3 Bc5 7. c3 d6 8. a4 Rb8 9. d4 Bb6 10. a5 $1 {[%mdl 4] is recently more successful than 10.axb5. C78: Ruy Lopez: Archangelsk and Möller Defences.} Ba7 $1 11. h3 O-O 12. Re1 {The position is equal.} Re8 13. Ng5 Rf8 $1 {[%cal Re5d4]} 14. Be3 Ra8 15. Nf3 Re8 16. Nbd2 Bb7 17. Bc2 h6 18. d5 Ne7 19. c4 c6 {[#]} 20. b4 $5 $146 {[%mdl 8] An interesting novelty.} ({Predecessor:} 20. b3 Ng6 21. Bd3 cxd5 22. Bxa7 Rxa7 23. exd5 Nf4 24. Bf1 bxc4 25. bxc4 Bc8 26. Qa4 Bf5 27. Qa3 Qc7 28. Rac1 {½-½ (39) Lu,S (2611)-Predke,A (2676) Moscow 2019}) 20... Bxe3 21. Rxe3 bxc4 22. dxc6 Nxc6 23. Nxc4 d5 $1 {[%cal Rd5c4]} 24. Nb6 {[%cal Re4d5]} d4 25. Rb3 Rb8 26. Bd3 Na7 27. Nd2 Nb5 28. Bxb5 axb5 29. Qe2 Bc6 30. Rc1 Re6 31. Rc5 Qe7 (31... Rxb6 $11 {remains equal.} 32. axb6 Nd7) 32. Rb1 Qb7 {[%cal Rc6e4]} 33. Rbc1 Rd8 34. Kh2 Rdd6 ({Avoid the trap} 34... Bxe4 $2 35. Rc7 $18) 35. f3 Kh7 36. g4 Ng8 37. Nd5 Ne7 38. Qd3 {aiming for f4.} Kg8 {[%cal Re7d5]} 39. a6 (39. Nxe7+ $14 Qxe7 40. Nf1) 39... Qa7 (39... Qxa6 $15 {keeps the upper hand.} 40. Nc7 {[%mdl 64] Double Attack} Qc8 41. Nxe6 Qxe6) 40. Nxe7+ (40. f4 $16 exf4 41. Nxf4 Qxa6 42. Nxe6 Rxe6 43. Qxd4) 40... Qxe7 $11 41. Nb3 Be8 42. Rc7 Qh4 43. a7 $36 {[%mdl 2048] White has good play.} Qf2+ $1 44. Kh1 Ra6 $1 45. Qf1 Qb2 $2 (45... Qe3 $11 46. Ra1 (46. Nc5 Rf6 $11) 46... Qxb3) 46. Rb1 Qa2 (46... Qa3 $16) 47. Nc5 $18 Rxa7 48. Rxa7 ({Don't play} 48. Nxe6 $6 fxe6 49. Rxa7 Qxa7 $16) 48... Qxa7 49. Nxe6 fxe6 {[%mdl 4096] Endgame KQR-KQB} 50. Ra1 Qe7 51. Qc1 (51. Qe1 $18) 51... Qxb4 $14 52. Qc8 Kf7 {[#]} 53. Qc7+ ({White should play} 53. Rc1 $1 $16) 53... Kf6 54. h4 {[%mdl 1024] White has compensation.} Bf7 $2 {[%mdl 8192]} (54... Qc3 $1 $11 55. Qd8+ {[%mdl 64] Double Attack} Kf7 56. Ra7+ Kg8) 55. h5 $18 Qe7 56. Qb8 {Threatens to win with f4.} Qe8 57. Qb6 (57. Qd6 $18) 57... Bxh5 $2 (57... g6 $16) 58. gxh5 Qxh5+ 59. Kg2 {Hoping for Qd8+.} Qg5+ 60. Kf1 Qe3 61. Qd8+ Kg6 62. Qe8+ Kh7 {[#]} 63. Qf7 $2 (63. Kg2 $1 $18) 63... d3 $2 {[%mdl 8192]} (63... Qc3 $11 {and Black is okay.} 64. Rd1 Qc2) 64. Re1 Qd4 {White must now prevent ...Qc4.} 65. Qxe6 {White is clearly winning.} d2 (65... Qb2 $142 66. Qf5+ Kh8 67. Qc8+ Kh7) 66. Rd1 Qe3 67. Qf5+ Kh8 68. Qh3 Qd3+ 69. Kf2 b4 70. Qc8+ Kh7 71. Qf5+ {[%mdl 64] Double Attack} Kh8 72. Qxe5 {Accuracy: White = 70%, Black = 60%.} 1-0

[Event "18th Aeroflot Open-A 2020"]
[Site "Moscow"]
[Date "2020.02.26"]
[Round "8.19"]
[White "Kobalia, Mikhail"]
[Black "Sadhwani, Raunak"]
[Result "1/2-1/2"]
[WhiteElo "2609"]
[BlackElo "2522"]
[Annotator "TA"]
[PlyCount "99"]
[EventDate "2020.02.19"]
[EventType "swiss"]
[EventCountry "RUS"]
[SourceTitle "playchess.com"]
[Source "ChessBase"]
[SourceQuality "1"]

{[%evp 13,99,25,29,20,17,15,38,35,31,24,29,32,61,59,85,68,102,68,94,23,26,19,28,20,22,0,0,0,49,52,60,45,162,143,216,202,211,188,377,393,370,258,243,158,280,278,289,0,0,0,0,0,0,0,0,0,20,20,60,59,85,85,85,85,85,60,60,60,60,60,60,35,60,60,60,60,60,60,60,35,35,35,35,35,35,35,35,-8]} 1. Nf3 c5 2. e4 Nc6 3. Bb5 g6 4. Bxc6 bxc6 5. O-O Bg7 6. Re1 Nh6 7. c3 O-O 8. d3 {B31: Sicilian: 2...Nc6 3 Bb5 g6.} d6 9. h3 e5 10. d4 {[#]} exd4 $146 ({Predecessor:} 10... cxd4 11. cxd4 f6 12. Nc3 Nf7 13. dxe5 fxe5 14. Qb3 Kh8 15. Be3 Qf6 16. Qc4 Bxh3 17. Qxc6 Bxg2 18. Kxg2 {0-1 (34) Gagare,S (2026)-Castrillon Gomez,M (2231) Moscow 2019}) 11. cxd4 f5 12. Nc3 fxe4 13. Nxe4 Nf5 {[%cal Rf5d4]} 14. dxc5 d5 15. Nd6 Qa5 16. Ne5 ({Don't play} 16. Nxc8 $6 Raxc8 17. Qe2 Rc7 $11) (16. Bg5 $16) 16... Qxc5 $11 17. Nxc8 Rfxc8 18. Bf4 Re8 19. Bh2 Rac8 20. Rc1 Qa5 21. a3 Re6 22. b4 $36 {[%mdl 2048] Black is under pressure.} Qa6 {[#]} (22... Qd8 $1 $14) 23. Nf3 $1 $18 Rce8 (23... Ree8 $16 {was worth a try.}) 24. Rxe6 Rxe6 25. g4 Ne7 $2 (25... Nh6 26. a4 Nf7) 26. Ng5 Rf6 27. Be5 h6 28. b5 cxb5 (28... Qxa3 $16 29. Bxf6 Bxf6) 29. Rc7 Qb6 {[#]} 30. Rxe7 $2 (30. Qd2 $1 $18 Rxf2 31. Qxf2 Bxe5 32. Rxe7 Bh2+ 33. Kg2 Qxf2+ 34. Kxf2 hxg5 35. Rxa7) 30... Qxf2+ $11 31. Kh1 hxg5 32. Bxf6 Qxf6 33. Qxd5+ {[%mdl 4096] Endgame KQR-KQB} Kh7 34. Qf7 {Qxf6 would kill now.} Qa1+ 35. Kg2 Kh6 36. h4 Qb2+ 37. Qf2 Qxf2+ 38. Kxf2 $16 {And now hxg5+ would win. KR-KB} Bf8 39. Re5 (39. Rf7 {is interesting.} Bxa3 40. hxg5+ Kxg5 41. Kf3 a5 42. Rb7) 39... gxh4 {White is slightly better.} 40. Rxb5 {Hoping for Ra5.} Bxa3 41. Kg2 Bc1 42. Kf3 g5 43. Ra5 Bf4 44. Ra6+ Kg7 45. Rxa7+ Kf6 46. Ke4 h3 47. Ra6+ Ke7 48. Rh6 h2 49. Kf5 Kd7 50. Rxh2 {Black defended with fortune. Accuracy: White = 68%, Black = 62%.} 1/2-1/2

[Event "18th Aeroflot Open-A 2020"]
[Site "Moscow"]
[Date "2020.02.26"]
[Round "8.20"]
[White "Asadli, Vugar"]
[Black "Karthikeyan, Murali"]
[Result "1-0"]
[WhiteElo "2538"]
[BlackElo "2602"]
[Annotator "TA"]
[PlyCount "91"]
[EventDate "2020.02.19"]
[EventType "swiss"]
[EventCountry "RUS"]
[SourceTitle "playchess.com"]
[Source "ChessBase"]
[SourceQuality "1"]

{[%evp 19,91,2,13,6,23,-39,-34,-33,-18,-18,-18,-17,-11,-12,7,7,7,7,5,10,0,0,18,28,20,20,16,6,19,29,43,47,32,16,22,21,22,22,22,20,152,154,1407,1319,1435,1448,1410,0,1427,1450,1306,1391,1423,1369,12835,12835,12836,11745,12837,12837,12838,12839,12839,12839,12841,12841,12841,12842,12842,12843,12843,12843,12845,12845]} 1. e4 c5 2. c3 Nf6 3. e5 Nd5 4. Nf3 d6 5. Bc4 e6 6. d4 Nc6 7. O-O cxd4 8. cxd4 Be7 9. Qe2 O-O 10. Rd1 $1 {[%mdl 4] is currently scoring better than 10.Nc3. Played by Nikita Vitiugov in September 2019.} Na5 11. Bb5 {B22: Sicilian: 2 c3.} a6 12. Ba4 ({Better is} 12. Bd3 $11) 12... b5 13. Bc2 {Black is slightly better.} Nb4 14. exd6 Qxd6 15. Be4 ({Avoid the trap} 15. Bxh7+ $2 Kxh7 16. Bg5 (16. Qe4+ $2 Kg8 $19) 16... Kg8 $19) 15... Bb7 {[#]} 16. Nc3 $146 ({Predecessor:} 16. Bxb7 Nxb7 17. Nc3 Rac8 18. Bg5 f6 19. Bf4 Qd7 20. Re1 Rc6 21. d5 Nxd5 22. Nxd5 Qxd5 {½-½ (58) Sahin,O (2146)-Lazov,T (2290) Palic 2016}) 16... Nd5 17. Nxd5 Bxd5 18. Bf4 Qxf4 19. Bxd5 Rad8 20. Be4 Bf6 {[#]} 21. Ne5 $1 {[%mdl 512]} Bxe5 22. g3 Qg5 23. dxe5 Nc4 24. f4 Qe7 $1 25. b3 $36 {[%mdl 2048] White has good play.} Nb6 26. Qf2 Rxd1+ 27. Rxd1 Rd8 28. Rc1 Nd5 29. Qc5 Kf8 {[#] White stays focused until the end.} (29... Qe8 $11) 30. Bxd5 $1 $16 ({Weaker is} 30. Bxh7 g6 $17) 30... Rxd5 $2 (30... exd5 $16 31. Kf2 d4) 31. Qxd5 $18 exd5 $16 {[%mdl 4096] Endgame KQ-KR} 32. Rc8+ Qe8 33. Rxe8+ Kxe8 $18 {KP-KP} 34. Kf2 {White is clearly winning.} Kd7 35. Ke3 Ke6 36. Kd4 b4 37. g4 g6 38. h4 h5 {[#]} 39. g5 $1 Ke7 40. Kxd5 Kd7 41. Kc5 Ke6 42. Kxb4 Kf5 43. Kc5 Kg4 44. Kd6 Kxh4 {[#]} 45. f5 $1 {[%mdl 512]} Kxg5 (45... gxf5 46. e6) 46. e6 {Accuracy: White = 95%, Black = 72%.} 1-0